Marques, de A à Z - Statistiques

Statistiques générales
  • Ce quiz a été pris 107 fois
    61 depuis la dernière actualisation
  • Le résultat moyen est 18 sur 26
Statistiques - réponses
Indice Réponse % Correct
On pourrait penser y trouver du pain mais cette enseigne est spécialisée en électronique - électroménager Boulanger
100%
Marque de sucreries célèbre pour ses excellentes blagues figurant sur l emballage intérieur Carambar
98%
Géant du e-commerce qui a vu le jour dans un garage de Seattle en 1994 Amazon
91%
Marque vendant entre autres des sac à dos très en vogue dans les cours de récré Eastpak
83%
Boisson à pulpe dont certains spots publicitaires ont été réalisés par Alain Chabat Orangina
83%
Firme japonaise dont la mascotte est un plombier moustachu Nintendo
80%
Parmi ses plus célèbres modèles se trouvent la R5, la 4L, ou encore la Dauphine Renault
80%
Chaine de restauration rapide belge dont le slogan est "Nous, c est le goût" Quick
78%
Parce que je le vaux bien L'Oreal
76%
Célèbre marque de soda qui proposa malgré elle de gagner un hélicoptère Pepsi
76%
Enseigne se présentant comme les mousquetaires de la distribution Intermarché
74%
Constructeur automobile dont le nom signifie "voiture du peuple" Volkswagen
74%
On se leve tous pour cette marque Danette
70%
En moutarde, c est la seule qui m'aille selon le slogan Maille
70%
Ancienne référence des moteurs de recherches dans les années 90-2000 détrôné par Google Yahoo
70%
Marque automobile nommée d après l inventeur du système de courant alternatif Tesla
67%
Sa mascotte est une sorte d Hulk vegan Géant Vert
63%
Constructeur de motos, automobiles et patronyme d'un personnage de Street Fighter Honda
63%
Entreprise chinoise spécialisée dans l électronique et la téléphonie mobile Xiaomi
63%
Entreprise de commerce en ligne allemande spécialisée dans les vêtements et chaussures Zalando
63%
Son logo représente son nom qui signifie en français "coquillage" Shell
61%
Entreprise française spécialisée dans le jeu vidéo créee en 1986 par la fratrie Guillemot Ubisoft
59%
Marque spécialisée dans la photographie dont la publicité mettait en scène les voleurs de couleurs Kodak
57%
Renegade ou Cherokee en sont des modèles Jeep
56%
Entreprise spécialisée dans la confection de figurines de la POP culture Funko
35%
Marque d électroménager américaine qui a pendant longtemps sponsorisé le film du dimanche soir sur TF1 Whirlpool
24%
Aucun quiz correspondant
Distribution des résultats
% des personnes avec chaque résultat
Percentile par nombre de réponses
Votre historique - résultats
Vous n’avez pas pris ce quiz depuis la dernière actualisation